| 000 | 00431nam a2200181Ia 4500 | ||
|---|---|---|---|
| 008 | 200601s9999 xx 000 0 und d | ||
| 020 | _a0-00-616907-4 | ||
| 050 | _aFIC Am1n | ||
| 050 | _b1966 | ||
| 100 | _aAmbler, Eric | ||
| 245 | 4 | _aThe Night-comers / | |
| 245 | 0 | _cEric Ambler. | |
| 260 | _aGreat Britain : | ||
| 260 | _bWilliam Collins Sons & Co. Ltd. | ||
| 260 | _c1966 | ||
| 300 | _a176 pages : | ||
| 300 | _c18 cm. | ||
| 999 |
_c363468 _d363468 |
||